000 00558nam a2200193 i 4500
001 105651
003 ES-MaACL
005 20230906183936.0
007 t|
008 060802s1969 fr ||||1| fre d
080 _a821.133.1-31"19"
100 1 _aSemprún, Jorge,
_d1923-2011
_9105418
245 1 3 _aLa deuxième mort de Ramón Mercader /
_cJorge Semprún.
260 _a[Paris] :
_bGallimard,
_c[1969]
300 _a432 p. ;
_c21 cm.
500 _aBiblioteca Juan Andrade.
852 _aES-MaACL
_jAND-467
_bR.109770
999 _c105651
_d105651